000 002870000a22000970004500
100 1 _aMouw, Richard J.
245 1 0 _aKuyper conference. Some reflections on sphere sovereignty
300 _aVol. 19, Num. 2 (1998), Páginas 160-182
773 0 _tThe Princeton Seminary Bulletin
942 _cANA
999 _c56611
_d56611